| Tag |
First Indicator |
Second Indicator |
Subfields |
| LEADER |
00000cam a2200000I 4500 |
| 001 |
in00000055998 |
| 005 |
20151008052340.0 |
| 008 |
750714s1957 miu 000 0 eng d |
| 035 |
|
|
|a (OCoLC)ocm01445973
|
| 035 |
|
|
|a (OCoLC)01445973
|
| 035 |
|
|
|9 AAH2950AM
|
| 040 |
|
|
|a FUG
|c FUG
|d OCLCQ
|d UtOrBLW
|
| 043 |
|
|
|a n-us---
|
| 049 |
|
|
|a TXAM
|c [308293]
|
| 049 |
|
|
|a TXAM
|
| 050 |
|
4 |
|a KF1104
|b .K33 1957
|
| 082 |
0 |
4 |
|a 341.57
|
| 100 |
1 |
|
|a Kadans, Joseph.
|
| 245 |
1 |
0 |
|a Principles of maritime law.
|
| 264 |
|
1 |
|a Detroit, Mich. :
|b Institute of Advanced Law Study,
|c [1957]
|
| 300 |
|
|
|a 1 volume 29 cm.
|
| 336 |
|
|
|a text
|b txt
|2 rdacontent
|
| 337 |
|
|
|a unmediated
|b n
|2 rdamedia
|
| 338 |
|
|
|a volume
|b nc
|2 rdacarrier
|
| 500 |
|
|
|a Reproduced from typewritten copy.
|
| 650 |
|
0 |
|a Maritime law
|z United States.
|
| 710 |
2 |
|
|a Institute of Advanced Law Study.
|
| 994 |
|
|
|a C0
|b TXA
|
| 999 |
|
|
|a MARS
|
| 999 |
f |
f |
|s 1eb23e30-e43d-323d-bab9-483e949c9add
|i 5c6d1ccb-e247-333d-9c7e-37fb8db79c1c
|t 0
|
| 952 |
f |
f |
|p ric
|a Texas A&M University
|b Rellis Campus
|c Joint Library Facility
|d Remote Storage
|t 0
|e KF1104 .K33 1957
|h Library of Congress classification
|i unmediated -- volume
|m A14800784863
|
| 998 |
f |
f |
|a KF1104 .K33 1957
|t 0
|l Remote Storage
|